[Event "Sudest Regional-ch"]
[Site "Pindamonhangaba"]
[Date "2025.03.23"]
[Round "5"]
[White "Leite, Caua De Paiva"]
[Black "De Paula, Luan Araujo"]
[Result "0-1"]
[WhiteElo "1760"]
[BlackElo "1942"]
[PlyCount "40"]
[EventDate "2025.03.20"]
[EventType "swiss"]
[EventRounds "6"]
[EventCountry "BRA"]
[SourceTitle "CB13_2025"]
[SourceDate "2025.03.26"]
[SourceVersion "1"]
[SourceVersionDate "2025.03.26"]
[SourceQuality "1"]

1. e4 c6 2. d4 d5 3. e5 Bf5 4. Nf3 e6 5. Be2 Ne7 6. Nc3 Nd7 7. Be3 a6 8. Nh4 Bg6 9. Nxg6 hxg6 10. g4 c5 11. Qd2 cxd4 12. Bxd4 Nc6 13. f4 Nxd4 14. Qxd4 Bc5 15. Qd3 Qh4+ 16. Kd2 Bb4 17. Qg3 Qxg3 18. hxg3 Rxh1 19. Rxh1 d4 20. Rh8+ Nf8 0-1

[Event "Sudest Regional-ch"]
[Site "Pindamonhangaba"]
[Date "2025.03.20"]
[Round "1"]
[White "Leite, Caua De Paiva"]
[Black "Pironti, Francisco Ferrari"]
[Result "0-1"]
[WhiteElo "1760"]
[BlackElo "2112"]
[PlyCount "96"]
[EventDate "2025.03.20"]
[EventType "swiss"]
[EventRounds "6"]
[EventCountry "BRA"]
[SourceTitle "CB13_2025"]
[SourceDate "2025.03.26"]
[SourceVersion "1"]
[SourceVersionDate "2025.03.26"]
[SourceQuality "1"]

1. e4 c5 2. Nf3 a6 3. c4 d6 4. Nc3 Nf6 5. Be2 e5 6. 0-0 Be7 7. d3 h6 8. a3 Nc6 9. Nd5 0-0 10. b4 b5 11. cxb5 axb5 12. bxc5 dxc5 13. Nxe7+ Qxe7 14. Bb2 Bg4 15. Nxe5 Nxe5 16. Bxe5 Qxe5 17. Bxg4 b4 18. Be2 bxa3 19. Qb3 Rfb8 20. Qc4 Rb4 21. f4 Qxa1 22. Rxa1 Rxc4 23. dxc4 Nxe4 24. Bf3 f5 25. Bxe4 fxe4 26. Kf2 a2 27. Ke3 Ra4 28. Kxe4 Rxc4+ 29. Kd3 Ra4 30. g3 Kf7 31. Kc3 Ke6 32. Kb3 Ra7 33. Rxa2 c4+ 34. Kb2 Rxa2+ 35. Kxa2 Kd5 36. Kb2 Ke4 37. Kc3 Kf3 38. Kxc4 Kg2 39. g4 Kxh2 40. g5 hxg5 41. fxg5 Kg3 42. Kd3 Kf4 43. Ke2 Kxg5 44. Kf1 Kg4 45. Kg2 g5 46. Kh2 Kf3 47. Kh3 g4+ 48. Kh2 Kf2 0-1